Rome Locations - Sudden Death - Statistics

General Stats
  • This quiz has been taken 181 times
  • The average score is 8 of 16
Answers on the Grid
Answers color-coded by a green-red scale on the quiz's grid according to % correct below.
Bridge of Sighs
Burano
Castel Sant'Angelo
Cinque Terre
Colosseum
Doge's Palace
Enzo Ferrari Museum
Fiumicino Airport
Galleria Borghese
Gran Paradiso
La Scala
Lake Como
Leaning Tower of Pisa
Mount Etna
Palatine Hill
Pantheon
Parco Degli Acquedotti
Piazza Navona
Pompeii
Ponte Fabricio
Ponte Vecchio
Portofino
San Siro Stadium
Santa Maria delle Grazie
Sistine Chapel
Spanish Steps
St. Peter's Basilica
Stadio Olimpico
Trevi Fountain
Uffizi Galleries
Via del Corso
Victor Emmanuel II Monument
 
Answer Stats
Answer % Correct
Colosseum
74%
Trevi Fountain
69%
Sistine Chapel
68%
St. Peter's Basilica
68%
Spanish Steps
62%
Pantheon
58%
Palatine Hill
50%
Castel Sant'Angelo
45%
Fiumicino Airport
45%
Piazza Navona
43%
Victor Emmanuel II Monument
40%
Galleria Borghese
36%
Stadio Olimpico
36%
Via del Corso
27%
Parco Degli Acquedotti
18%
Ponte Fabricio
15%
No matching quizzes found
Score Distribution
Percent of People with Each Score
Percentile by Number Answered
Your Score History
You have not taken this quiz